Meilleurs marqueurs d'essais dans le Tournoi des Six Nations par édition. - Statistiques

Statistiques générales
  • Ce quiz a été pris 203 fois
    69 depuis la dernière actualisation
  • Le résultat moyen est 10 sur 37
Statistiques - réponses
Joueur % Correct
2022 | 2023 8.webp Damian Penaud
98%
2025 | 2026 8.webp Louis Bielle-Biarrey
92%
2022 64957f49c3-450.webp James Lowe
70%
2021 | 2024 0ead46417a-450.webp Duhan van der Merwe
64%
2000 | 2009 64957f49c3-450.webp Brian O'Driscoll
50%
2022 8.webp Gabin Villière
50%
2014 64957f49c3-450.webp Jonathan Sexton
44%
2024 64957f49c3-450.webp Dan Sheehan
40%
2017 0b677ce993-450.webp Liam Williams
40%
2004 0b677ce993-450.webp Rhys Williams
40%
2008 | 2010 0b677ce993-450.webp Shane Williams
40%
2020 8.webp Charles Ollivon
36%
2018 64957f49c3-450.webp Jacob Stockdale
34%
2019 Flag_of_England.svg Jonny May
32%
2007 Flag_of_England.svg Jason Robinson
28%
2016 | 2017 0b677ce993-450.webp George North
26%
2011 Flag_of_England.svg Chris Ashton
22%
2007 64957f49c3-450.webp Ronan O'Gara
22%
2017 0ead46417a-450.webp Stuart Hogg
22%
2014 Flag_of_England.svg Mike Brown
20%
2017 Flag_of_England.svg Danny Care
14%
2010 | 2017 64957f49c3-450.webp Keith Earls
14%
2011 | 2012 64957f49c3-450.webp Tommy Bowe
14%
2015 | 2017 Flag_of_England.svg Jonathan Joseph
12%
2013 0b677ce993-450.webp Alex Cuthbert
10%
2003 8.webp Damien Traille
10%
2004 8.webp Imanol Harinordoquy
10%
2019 64957f49c3-450.webp CJ Stander
8%
2006 Flag_of_Italy.svg Mirco Bergamasco
8%
2000 Flag_of_England.svg Austin Healey
6%
2000 | 2004 Flag_of_England.svg Ben Cohen
6%
2019 64957f49c3-450.webp Craig Gilroy
6%
2010 0b677ce993-450.webp James Hook
6%
2005 Flag_of_England.svg Mark Cueto
6%
2006 64957f49c3-450.webp Shane Horgan
6%
2001 | 2002 Flag_of_England.svg Will Greenwood
6%
2009 Flag_of_England.svg Riki Flutey
4%
Aucun quiz correspondant
Distribution des résultats
% des personnes avec chaque résultat
Percentile par nombre de réponses
Votre historique - résultats
Vous n’avez pas pris ce quiz depuis la dernière actualisation